Islamské finančníctvo vo vzťahoch Číny a Malajzie

Spolupráca čínskych a malajzijských finančných inštitúcií v oblasti islamských financií (IF). Vývoj pôsobenia islamských finančných inštitúcií z Malajzie v Číne. Hlavné projekty čínskych spoločností v Malajzii, ktoré sú vykonávané podľa pravidiel IF. Hlavné prekážky, ktoré bránia väčšiemu rozvoju IF...

Ausführliche Beschreibung

Gespeichert in:
Bibliographische Detailangaben
1. Verfasser: Ondriaš, Juraj, 1988-
Format: Buchkapitel
Sprache:Slowakisch
Schlagworte:
Tags: Tag hinzufügen
Keine Tags, Fügen Sie das erste Tag hinzu!

MARC

LEADER 00000naa$a2200000$$$4500
001 0281446
005 20240502074400.9
041 0 |a slo 
044 |a SK 
245 1 0 |a Islamské finančníctvo vo vzťahoch Číny a Malajzie  |c Juraj Ondriaš 
520 |a Spolupráca čínskych a malajzijských finančných inštitúcií v oblasti islamských financií (IF). Vývoj pôsobenia islamských finančných inštitúcií z Malajzie v Číne. Hlavné projekty čínskych spoločností v Malajzii, ktoré sú vykonávané podľa pravidiel IF. Hlavné prekážky, ktoré bránia väčšiemu rozvoju IF vo vzájomných hospodárskych vzťahoch oboch krajín a ich ekonomických aktérov. 
610 2 0 |a Čína 
610 2 0 |a Malajzia 
610 2 0 |a inštitúcie finančné 
610 2 0 |a financie 
610 2 0 |a islam 
100 1 |a Ondriaš, Juraj, 1988-